000 00643nam a2200205Ia 4500
001 5452
003 GE_BSU
008 181216s||||||||xx |||||||||||||| ||und||
040 _cGE_BSU
080 _a511.1(072)
100 _aЕленьска Л
245 _aМетодика арифметики и геометрии в первые годы обучения
245 _bПосибие для учительей начальной шкоы
260 _aМосква
260 _bУчпедгиз
260 _c1960
300 _a175 с.20 см.
653 _aМетодика арифметики и геометрии
942 _cBK
999 _c38986
_d38986